| 000 | 00668nam a2200229 a 4500 | ||
|---|---|---|---|
| 001 | 20260 | ||
| 003 | CO-ViMGA | ||
| 008 | 141112s2004 ck r 000 u spa d | ||
| 020 | _a9789589652770 | ||
| 040 |
_aCO-ViMGA _bspa _cCO-ViMGA |
||
| 082 | 0 | 4 | _a920 F71d |
| 100 | 1 |
_aFrank, Ana _929273 |
|
| 245 | 1 | 0 | _aDiario de Ana Frank |
| 246 | _aTitulo original : Het Achterhuis | ||
| 260 |
_aDistribuidora e impresos Sion, _c1993 |
||
| 300 | _a214 p. | ||
| 650 | 1 | 4 |
_aALEMANIA NAZI _929274 |
| 650 | 1 | 4 |
_aAUTOBIOGRAFIAS _915520 |
| 650 | 1 | 4 |
_aFRANK, ANA 1929 - 1945 - CORRESPONDENCIA - MEMORIAS _929275 |
| 700 | 1 |
_aPuls, Diego; Rovati, Carlos, tr. _929276 |
|
| 942 |
_2ddc _cBK |
||
| 999 |
_c29286 _d29286 |
||